书目信息 |
| 题名: |
五台山佛光寺
|
|
| 作者: | 王宝库 , 王鹏 撰文 ;王昊 , 青榆 摄影 | |
| 分册: | ||
| 出版信息: | 北京 中国建筑工业出版社 2017 |
|
| 页数: | 96页 | |
| 开本: | 21cm | |
| 丛书名: | The series of 100 gems of Chinese architecture | |
| 单 册: | ||
| 中图分类: | TU-098.3 | |
| 科图分类: | ||
| 主题词: | 五台山--wu tai shan--寺庙--建筑艺术--图集--英文 | |
| 电子资源: | ||
| ISBN: | 978-7-112-20494-6 | |
| 000 | 00953nam 2200277 450 | |
| 001 | 0100002256 | |
| 005 | 20190305083338.47 | |
| 010 | @a978-7-112-20494-6@b精装@dCNY68.00 | |
| 100 | @a20180104d2017 em y0chiy50 ba | |
| 101 | 0 | @aeng |
| 102 | @aCN@b110000 | |
| 105 | @ay z 000yy | |
| 200 | 1 | @a五台山佛光寺@d= Foguang temple in mount Wutai@fWang Baoku, Wang Peng@gWang Hao, Qing Yu@zeng |
| 210 | @a北京@c中国建筑工业出版社@d2017 | |
| 215 | @a96页@d21cm | |
| 225 | 2 | @aThe series of 100 gems of Chinese architecture |
| 410 | 0 | @12001 @aThe series of 100 gems of Chinese architecture |
| 510 | 1 | @aFoguang temple in mount Wutai@zeng |
| 606 | 0 | @a五台山@Awu tai shan@x寺庙@x建筑艺术@j图集@x英文 |
| 690 | @aTU-098.3@v5 | |
| 701 | 0 | @a王宝库@Awang bao ku@4撰文 |
| 701 | 0 | @a王鹏@Awang peng@4撰文 |
| 702 | 0 | @a王昊@Awang hao@4摄影 |
| 702 | 0 | @a青榆@Aqing yu@4摄影 |
| 801 | 0 | @aCN@c20180910 |
| 905 | @a河南城建学院图书馆@dTU-098.3@eW103-5 | |
| 五台山佛光寺= Foguang temple in mount Wutai/Wang Baoku, Wang Peng/Wang Hao, Qing Yu.-北京:中国建筑工业出版社,2017 |
| 96页;21cm.-(The series of 100 gems of Chinese architecture) |
| ISBN 978-7-112-20494-6(精装):CNY68.00 |
| ● |
| 相关链接 |
|
|
|
正题名:五台山佛光寺
索取号:TU-098.3/W103-5
 
预约/预借
| 序号 | 登录号 | 条形码 | 馆藏地/架位号 | 状态 | 备注 |
| 1 | 1304878 | 213048780 | 建筑库101/101建筑库 9排2列2层/ [索取号:TU-098.3/W103-5] | 在馆 | |
| 2 | 1404532 | 214045326 | 建筑库101/101建筑库 101排7列2层/ [索取号:TU-098.3/W103-5] | 在馆 | |
| 3 | 1404533 | 214045335 | 建筑库101/101建筑库 101排7列2层/ [索取号:TU-098.3/W103-5] | 在馆 |